| 000 | 00625nam a2200229Ia 4500 | ||
|---|---|---|---|
| 003 | OSt | ||
| 005 | 20220924122438.0 | ||
| 006 | a|||||r|||| 00| 0 | ||
| 007 | ta | ||
| 008 | 220923b |||||||| |||| 00| 0 urd d | ||
| 024 | _a312521 | ||
| 037 | _cTextual | ||
| 040 |
_aARTS _cARTS _burd |
||
| 041 |
_2urd _aurd |
||
| 082 | _aO168,1L97,1, N4 | ||
| 100 |
_aInayatullah Malik Ram _9189540 |
||
| 245 | 0 | _aAlhamat-e-Ghalib | |
| 260 |
_aLahore _bZafar Mohammad Pakistan _c1994 |
||
| 650 | _aURDU POETRY | ||
| 942 |
_hO168,1L97,1, N4 _cTEXL _2CC |
||
| 999 |
_c411673 _d411673 |
||